Crédito rural: algunos aspectos. Estudio en 27 cantones /

Zapisane w:
Opis bibliograficzny
organizacja autorów: Instituto de Fomento y Asesoría Municipal [Costa Rica], Acción Internacional Técnica, División de Acción Internacional
Format: Texto
Wydane: San José: IFAM. AITEC
Etykiety: Dodaj etykietę
Nie ma etykietki, Dołącz pierwszą etykiete!

MARC

LEADER 00000 a a2200000 04500
001 16846
003
040
090 |a 009800  
110 |a Instituto de Fomento y Asesoría Municipal [Costa Rica]  
245 |a Crédito rural: algunos aspectos. Estudio en 27 cantones /  |c Instituto de Fomento y Asesoría Municipal [Costa Rica]  
260 |a San José:   |b IFAM. AITEC  
300 |a 73 p.  
710 |a Acción Internacional Técnica, División de Acción Internacional  
999 |c 11820  |d 11820